000 01928cam a22005174i 4500
003 PE-LiUPU
005 20250731173536.0
008 150616s r 000 0 d
020 _a0801063205
035 _a(Sirsi) i9780801063206
040 _aPE-LiUPU
_bspa
_cPE-LiUPU
_erda
049 _aPRUA
082 0 4 _b
_221
100 1 _aMiller, Calvin,
_eautor.
245 1 0 _aMarketplace Preaching.
264 1 _aGrand Rapids, Michigan :
_bBaker Books,
_c1996.
300 _a188 páginas ;
_c23 centímetros
336 _atext
_2rdacontent
337 _aunmediated
_2rdamedia
338 _avolume
_2rdacarrier
500 _aing. 42425: 03e97.
504 _aIncluye bibliografía.
505 0 _aBack to the marketplace.- The audio-video sermon.- Telepromp ting the text.- Indicative and inductive truth.- Packaging preaching: worship in the marketplace.
526 _aSEG42
526 _aSEG41
526 _aSEG40
526 _aSEG39
526 _aP94
526 _aP87
526 _aP86
526 _aP85
526 _aP77
526 _aP76
526 _aP35
650 0 4 _aSermones.
910 _ajck
_bjvq
_cjck
942 _2ddc
_cBOOK
949 _a251 M58M
_wDEWEY
_c1
_i45218
_lCCODEBUL1
_mBUL
_r0
_sY
_tBOOK
_u2015-4-23
_xTEOLOGIA
_zUNKNOWN
_0COMPRA
_o.STAFF. Colección General
949 _a251 M58M
_wDEWEY
_c2
_i42425
_lCCODEBUL1
_mBUL
_r0
_sY
_tBOOK
_u2015-6-16
_xTEOLOGIA
_zUNKNOWN
_0COMPRA
_o.STAFF. Colección General
994 _aC0
_bPEPRU
596 _a1
999 _a251 M58M
_wDEWEY
_c60263
_i45218
_f2021-11-12
_g5
_lCCODEBUL1
_mBUL
_r0
_sY
_tBOOK
_u2015-4-23
_xTEOLOGIA
_zUNKNOWN
_0COMPRA
_o.STAFF. Colección General
_d60263
999 _a251 M58M
_wDEWEY
_c2
_i42425
_f2021-11-12
_g5
_lCCODEBUL1
_mBUL
_r0
_sY
_tBOOK
_u2015-6-16
_xTEOLOGIA
_zUNKNOWN
_0COMPRA
_o.STAFF. Colección General
980 _81
_gALBERTO SANCHEZ Responsable de Automatización